A Century of Literature Quiz Stats

 Plays Quiz Updated May 23, 2016

Challenge
Share
Tweet
Embed
Score 0/100 Timer 15:00
11 Plays Today
% Correct
Phantom
96.5%
Gatsby
95.8%
Kill
95%
Hound
95%
Charlie
94.8%
Breakfast
94.7%
Rye
94.7%
Nineteen
94.6%
Lord
94.2%
Prairie
94.1%
Front
94%
Anne
93.9%
Flies
93.9%
Odyssey
93.6%
Orange
93.3%
Galaxy
93.3%
Royale
93.3%
Brave
92.9%
All
92.8%
Secret
92.2%
Color
91.2%
Prisoner
91.2%
Rises
91.2%
Eden
90.7%
Five
88.9%
October
88.6%
White
88%
Tinker
87.5%
Bourne
87.2%
Maltese
86.8%
Jurassic
86.5%
English
86%
Fury
85.5%
Watership
84.7%
% Correct
Postman
83.8%
Solitude
82.7%
Innocence
82.7%
Rabbit
82.6%
Scarlet
81.4%
Jar
81%
Angels
80.6%
Shrugged
80.5%
Murders
80.4%
Ashes
80.2%
Glass
79.9%
Brideshead
79.3%
Prince
79.3%
Lovers
78.4%
Verses
77.9%
Garp
77.3%
Oz
77%
Valley
76.4%
Psycho
76%
Wake
75%
Anger
74%
Falling
72.9%
Midnight
72.6%
Orchard
72.6%
God
72.6%
Characters
72.1%
Ross
71.7%
Bones
70.9%
Remains
70.8%
Bondage
68.9%
Small
68.1%
Tarzan
66.7%
Lighthouse
65.8%
Town
63.5%
% Correct
Country
63.2%
Wood
62.5%
Hunter
62.4%
Rose
62.3%
Letters
62.3%
Martian
61.9%
Bluest
61.8%
Joan
61.3%
Roots
61.2%
Prime
59.4%
Antonia
59.3%
Storm
59.2%
Moon
59.2%
Lunch
59.1%
Earth
58.6%
Shipping
57%
Blithe
55.6%
Darkly
53.3%
Jest
52.7%
Agent
52.1%
Mountain
51.8%
Upstairs
51.3%
Stranger
51%
Goodnight
50.8%
Winds
50.1%
Dragon
49.8%
Flesh
49.5%
Blood
45.8%
Rainbow
45.6%
Acre
39.6%
Sage
39.5%
Gift
35%

You're not logged in!

Compare scores with friends on all Sporcle quizzes.
OR
Log In

You Might Also Like...

Show Comments

Extras

Top Quizzes Today


Score Distribution

Your Account Isn't Verified!

In order to create a playlist on Sporcle, you need to verify the email address you used during registration. Go to your Sporcle Settings to finish the process.

Report this User

Report this user for behavior that violates our Community Guidelines.

Details: